200 suosituinta naisten nimeä alkukirjaimella M - Statistics

Yleistilastot
  • Tätä visaa on pelattu 585 kertaa
  • Keskiarvotulos 92 / 200
Vastaustilastot
% Oikein
Mai
98%
Maj
98%
May
98%
Mari
97%
Maaria
96%
Maria
96%
Mariia
96%
Marija
96%
Marja
93%
Minna
92%
Maia
91%
Maija
91%
Maja
91%
Maya
91%
Meri
90%
Mona
90%
Milla
89%
Merja
88%
Maaret
86%
Maarit
86%
Marit
86%
Mirja
83%
Marian
82%
Mariann
82%
Maryan
82%
Mira
80%
Meeri
79%
Mei
79%
Minni
79%
Maisa
78%
Marianne
78%
Mari-Anne
78%
Mia
78%
Miia
78%
Miina
78%
Malla
76%
Mariana
76%
Marianna
76%
Marju
76%
Miisa
76%
Milja
75%
Maarika
74%
Marica
74%
Marika
74%
Mervi
74%
Mila
73%
Maila
72%
Marjaana
71%
Melina
71%
Miriam
71%
Mirjam
71%
Marjatta
70%
Maiju
69%
Marjut
69%
Mariitta
68%
Marita
68%
Maritta
68%
Marjo
67%
Marta
67%
Martha
67%
Martta
67%
Minea
67%
Minnea
67%
Mirjami
67%
Mirka
67%
Mirkka
67%
Melisa
66%
Melissa
66%
Mette
66%
Meiju
65%
Mirva
65%
Marjukka
64%
Marke
63%
Monica
63%
Monika
63%
Marie
62%
Mary
62%
Mea
62%
Meea
62%
Maili
60%
Maire
60%
Marketta
60%
Marja-Liisa
59%
Minja
59%
Minttu
59%
Mirella
59%
Marja-Leena
58%
Manna
57%
Minka
56%
Marina
55%
Milka
54%
Milli
54%
Mimosa
54%
Mailis
53%
Maj-Lis
53%
Mathilda
53%
Matilda
53%
Mimmi
52%
Milena
48%
Maikki
47%
Margareta
47%
Margaretha
47%
Margarita
47%
Maija-Liisa
46%
Matleena
46%
Margit
45%
Margita
45%
Margot
45%
Maini
44%
Micaela
44%
Michaela
44%
Mikaela
44%
Maija-Leena
42%
Merita
39%
Miira
37%
Manta
36%
Melinda
34%
Malin
33%
Mina
33%
Magdalena
32%
Minerva
31%
Marisa
30%
Marissa
30%
Mirkku
30%
Moa
30%
Monna
30%
Malva
29%
Mandi
29%
Mariel
28%
Meija
28%
Meja
28%
Merja-Liisa
26%
Minna-Liisa
26%
Mariela
25%
Mariella
25%
Marleena
25%
Martina
25%
Meri-Tuuli
25%
Milana
25%
Meira
24%
Metti
24%
Miitta
24%
Mirja-Liisa
24%
Marja-Riitta
23%
Miila
23%
Minna-Mari
23%
Menni
22%
Merike
22%
Marja-Terttu
20%
Marjo-Riitta
20%
Miranda
20%
Molly
20%
Milla-Maria
17%
Madeleine
15%
Maija-Riitta
15%
Marikki
14%
Mia-Maria
14%
Miia-Maria
14%
Michelle
13%
Milma
13%
Maj-Britt
12%
Maj-Len
12%
Maura
12%
Meri-Tuulia
12%
Mindi
12%
Minna-Maria
12%
Malena
11%
Mariam
11%
Marion
11%
Maryam
11%
Maryama
11%
Mimi
11%
Maria-Liisa
7%
Milea
7%
Mirikli
7%
Manda
6%
Marlene
6%
Merja-Riitta
6%
Meimi
5%
Melanie
5%
Mianna
5%
Minessa
5%
Maria-Leena
4%
Miida
4%
Milda
4%
Minda
4%
Minella
4%
Mirette
4%
Miona
3%
Maud
2%
Mitra
2%
Maida
1%
Marja-Sisko
1%
Marwa
1%
Medina
1%
Melek
1%
Majvor
0%
Malak
0%
Marie-Louise
0%
Milaja
0%
Ehtoja vastaavia visoja ei löytynyt
Tulosjakauma
Jokaisen tuloksen saaneiden osuus
Persentiili vastausten määrän mukaan
Tuloshistoriasi
Et ole pelannut tätä visaa